Desempeño financiero y económico de las EPS del Régimen Contributivo y otros actores de las seguridad social en salud en Colombia 1993-2006 / (Registro nro. 6057)

Detalles MARC
000 -LEADER
fixed length control field 01419nam a2200289Ia 4500
003 - CONTROL NUMBER IDENTIFIER
control field OSt
005 - DATE AND TIME OF LATEST TRANSACTION
control field 20200824170307.0
008 - FIXED-LENGTH DATA ELEMENTS--GENERAL INFORMATION
fixed length control field 191128s2009 ck ad gr 000 0 spa d
020 ## - INTERNATIONAL STANDARD BOOK NUMBER
International Standard Book Number 9789587250138
040 ## - CATALOGING SOURCE
Original cataloging agency Co-JMCR
Transcribing agency Co-JMCR
041 0# - LANGUAGE CODE
Language code of text/sound track or separate title spa
082 04 - DEWEY DECIMAL CLASSIFICATION NUMBER
Classification number 338.43362109861 /
Item number J135d
Edition number 23
100 1# - MAIN ENTRY--PERSONAL NAME
Personal name Jaimes, Carlos Alberto,
Relator term autor
9 (RLIN) 9138
245 #0 - TITLE STATEMENT
Title Desempeño financiero y económico de las EPS del Régimen Contributivo y otros actores de las seguridad social en salud en Colombia 1993-2006 /
Statement of responsibility, etc. Carlos Alberto Jaimes, Luis Eduardo Rincón
250 ## - EDITION STATEMENT
Edition statement Primera edición
260 ## - PUBLICATION, DISTRIBUTION, ETC.
Place of publication, distribution, etc. Bogotá :
Name of publisher, distributor, etc. Fundación Universidad de Bogotá Jorge Tadeo Lozano,
Date of publication, distribution, etc. 2009.
300 ## - PHYSICAL DESCRIPTION
Extent 128 páginas, páginas plegables :
Other physical details gráficos a blanco y negro ;
Dimensions 23 cm.
500 ## - GENERAL NOTE
General note Incluye índice de gráficos. Incluye datos datos biográficos del autor en solapa frontal.
504 ## - BIBLIOGRAPHY, ETC. NOTE
Bibliography, etc. note Bibliografía : páginas 119-122.
505 0# - FORMATTED CONTENTS NOTE
Formatted contents note Metodología -- Estructura del sistema general de seguridad social en salud -- Análisis macro de los recursos del sistema general de seguridad social en salud -- Análisis micro según tipo de actor del sistema -- Temas para futuras investigaciones
650 24 - SUBJECT ADDED ENTRY--TOPICAL TERM
Topical term or geographic name entry element Economía medica
9 (RLIN) 9139
650 24 - SUBJECT ADDED ENTRY--TOPICAL TERM
Topical term or geographic name entry element Política médica
9 (RLIN) 9140
650 24 - SUBJECT ADDED ENTRY--TOPICAL TERM
Topical term or geographic name entry element Seguro nacional de salud
9 (RLIN) 9141
650 24 - SUBJECT ADDED ENTRY--TOPICAL TERM
Topical term or geographic name entry element Finanzas
9 (RLIN) 9142
700 1# - ADDED ENTRY--PERSONAL NAME
Personal name Rincón, Luis Eduardo,
Relator term autor
9 (RLIN) 9143
942 ## - ADDED ENTRY ELEMENTS (KOHA)
Source of classification or shelving scheme Dewey Decimal Classification
Koha item type Books
Existencias
Withdrawn status Lost status Source of classification or shelving scheme Materials specified (bound volume or other part) Damaged status Not for loan Home library Current library Shelving location Date acquired Source of acquisition Full call number Barcode Date last seen Copy number Price effective from Koha item type
    Dewey Decimal Classification Donación--15/04/2018--     Biblioteca Pública José María del Castillo y Rada Biblioteca Pública José María del Castillo y Rada General Stacks 11/28/2019 Donación 338.43362109861 / J135d 430011570 05/16/2024 Ej.1 11/28/2019 Books